| 000 | 00500nam a2200169 4500 | ||
|---|---|---|---|
| 001 | 110086 | ||
| 003 | ES-MaACL | ||
| 005 | 20230906184955.0 | ||
| 007 | t| | ||
| 008 | 061121s1969 sp r ||||1| spa d | ||
| 100 | 1 |
_aMoix, Terenci. _981822 |
|
| 245 | 1 | 3 |
_aLa torre de los vicios capitales / _cTerenci Moix; traducción de Juan Enric Lahosa. |
| 260 |
_aBarcelona : _bTáber, _c1969. |
||
| 300 |
_a351 p. ; _c19 cm. |
||
| 700 | 1 |
_aLahosa, Juan Enric. _969645 |
|
| 852 |
_aES-MaACL _jC-40085 _bR.71303 |
||
| 999 |
_c110086 _d110086 |
||